000 00671nam a22002177a 4500
999 _c17156
_d17156
003 AR-CdUCM
008 190507b ||||| |||| 00| 0 spa d
040 _aMUNICIPALIDAD PROVINCIAL DEL CUSCO
_cBIBLIOTECA MUNICIPAL DEL CUSCO
082 _a985.004 /
_bW69
100 _aWiesse, María
_98976
245 _aVida del Perú y de su pueblo :
_bensayo /
260 _aLima :
_bTall. de la Cía. de Impresiones y Publicidad,
_c1958.
300 _a215 paginas ;
_c18 cm.
505 _aContenido : Ensayo
650 _aPerú
_935
650 _aconferencias
_9376
650 _aEnsayos
_9375
650 _aHistoria
_9136
942 _2ddc
_cLIBROS
945 _awnts
_d2019-05-7